Statistics for All Things China

Click here to take the quiz!

General Stats

  • This quiz has been taken 17 times
  • The average score is 9 of 15

Answer Stats

HintAnswer% Correct
Capital?Beijing
100%
Famous Wall?Great Wall of China
100%
Biggest Desert?Gobi Desert
71%
Cute Bamboo Eating Mammals?Pandas
71%
Biggest City?Shanghai
71%
Tallest Mountain Range?Himalayas
64%
Current President?Xi Jinping
64%
Longest River In China?Yangtze River
64%
Capital of Above?Taipei
57%
Also Called Huang He?Yellow River
57%
Republic of China Is Called?Taiwan
50%
Currency?Yuan
50%
Top Export?Broadcasting Equipment
14%
National Dish?Peking Roasted Duck
7%
The Language in Chinese?Zhōngguó rén
7%

Score Distribution

Percentile by Number Answered

Percent of People with Each Score

Your Score History

You have not taken this quiz